000
00285nam a2200109Ia 4500
008
230907s9999||||xx |||||||||||||| ||und||
082
_a
333.79323
_b
INT
245
0
_a
Integrating renewables in electricity markets :
260
_a
Springer,
_c
2014
300
_a
xvi, 429 p.:
942
_c
BK
999
_c
597619
_d
597619